Normal view
MARC view
- Miranda Castro, Alberto,
Entry Nombre Personal
001 - NUMERO DE CONTROL
- campo de control: 51550
003 - IDENTIFICADOR DE NUMERO DE CONTROL
- campo de control: UPN
005 - FECHA Y HORA DE LA ÜLTIMA TRANSACCIÓN
- campo de control: 20240415110658.0
008 - DATOS DE LONGITUD FIJA
- campo de control de longitud fija: 240415|| acn||aabn | aaa d
040 ## - FUENTE DE CATALOGACIÓN
- Agencia original de catalogación: MX-MxUPN
- Lenguaje de catalogación: spa
- Agencia de transcripción: MX-MxUPN
046 ## - FECHAS CON CODIFICACIÓN ESPECIAL
- Fecha de nacimiento: 19320202
100 1# - ENCABEZAMIENTO - NOMBRE PERSONAL
- Nombre personal: Miranda Castro, Alberto,
- Fechas asociadas con el nombre: 1932-
370 ## - LUGAR ASOCIADO
- Fuente del término: MX-MxUNAM
- Place of birth: Los Cabos (Baja California Sur)
- Associated country: Mexico
373 ## - GRUPO ASOCIADO
- Fuente del término: MX-MxUNAM
- Associated group: Sindicato Nacional de Trabajadores de la Educación (México)
- Start period: 1968
- End period: 1969
374 ## - OCUPACIÓN
- Occupation: Profesor
670 ## - FUENTE EN LA QUE SE LOCALIZARON DATOS
- Cita de la fuente: Recurso en línea, 29 septiembre 2020:
- Información localizada: (Miranda Castro, Alberto, quinto Secretario General de la Sección 54 del SNTE. Periodo: 1968 a 1969. Nació en Santa Rosa, Municipio de Los Cabos, Baja California Sur, el 2 de febrero de 1932)
670 ## - FUENTE EN LA QUE SE LOCALIZARON DATOS
- Cita de la fuente: Ceremonia del día del maestro, 1985 :
- Información localizada: página 9 (Prof. ALberto Miranda Castro, Secretario General del CEN del SNTE)
902 ## - CATALOGADOR
- Catalogador: MaríaRobles/150424
